000 01470cam a22002054a 4500
005 20250605164004.0
008 250528s ||||||||||||||||||||||||d
035 _a15735
020 _a14044569
040 _aGR-AtMCL
_bgre
_dGR-AtMCL
_eAACR2
245 1 _aCapital / A Critique of Political Economy: Volume 2
250 _a1st
260 _bPenguin Books,
_c1978
300 _a624
520 _aThe writer analyses in depth the specific problems of the commodity, the basic cell of capitalist wealth, and fill in his picture of the market and the nature of value and surplus-value. Introduction, Preface, The Process of Circulation of Capital, The Metamorphoses of Capital and Their Circuit, The Circuit of Money Capital, The Circuit of Productive Capital, The Circuit of Commodity Capital, The Three Figures of the Circuit, Circulation Time, The Costs of Circulation, The Turnover of Capital, Turnover Time and Number of Turnovers, Fixed Capital and Circulating Capital, The Overall Turnover of the Capital Advanced Turnover Cycles, Theories of Fixed and Circulating Capital, The Working Period, Production Time, Circulation Time, The Turnover of Variable Capital, The Circulation of Surplus-Value, The Reproduction and Circulation of the Total Social Capital, Former Presentations of the Subject, Simple Reproduction, Accumulation and Reproduction on an Expanded Scale.
700 1 _aMarx Karl
_91705
942 _cBK
999 _c1290
_d1290